000 00418nam a2200157Ia 4500
005 20250729165331.0
008 250729s2006 xx 000 0 und d
041 _aeng
082 _a372.25 RAOM
100 _aRaju B Joseph
_9221115
245 _aPopulation Education
260 _aNew Delhi
_bOrbis Books Sonali Publication
_c2006
300 _a195p
650 _aEducation
_9221116
700 _aAnitha Gadde
_9221117
999 _c234861
_d234861